Reflexiones sobre la práctica docente /

Guardado en:
Autor Principal: Gaitini, Azucena Dir.
Otros Autores: Eustaquio, Marta -siganevich, Paula
Formato: Libro
Publicado: Rosario : U. N. R., 1989
Materias:
Etiquetas: Agregar Etiqueta
Sin Etiquetas, Sea el primero en etiquetar este registro!
LEADER 00642nam a22002175a 4500
001 CEM.cems007293
005 20060214000000.0
008 130507s1989##################000#0#####d
003 CEMS
082 0 4 |a 370.7 
100 1 |a Gaitini, Azucena Dir. 
245 1 0 |a Reflexiones sobre la práctica docente / 
260 |a Rosario :  |b U. N. R.,  |c 1989 
300 |a 16 p. 
653 |a Didactica 
653 |a Didactica de la geografia 
653 |a Didactica de la historia 
653 |a Educacion 
653 |a Lengua y literatura-didactica 
700 1 |a Eustaquio, Marta -siganevich, Paula 
859 |a CEMS  |b BIB. CEMS - 11 de abril  |h 370.7  |i G129  |p 17122.93  |t Ej.1